[Event "Wch Disabilities 5th"]
[Site "Lublin"]
[Date "2023.08.27"]
[Round "9"]
[White "Piekielny, Pawel"]
[Black "Pulvett Marin, Daniel Eduardo"]
[Result "1/2-1/2"]
[WhiteElo "2225"]
[BlackElo "2496"]
[PlyCount "94"]
[EventDate "2023.08.19"]
[EventType "swiss"]
[EventRounds "9"]
[EventCountry "POL"]
[SourceTitle "CBM 215 Extra"]
[Source "ChessBase"]
[SourceDate "2023.09.30"]
[SourceVersion "1"]
[SourceVersionDate "2023.09.30"]
[SourceQuality "1"]

1. e4 c5 2. Nf3 e6 3. d4 cxd4 4. Nxd4 Nc6 5. Nc3 Qc7 6. Qd3 a6 7. Nxc6 bxc6 8. Qg3 d6 9. Be2 Rb8 10. 0-0 Nf6 11. b3 h5 12. h4 e5 13. Bg5 Be7 14. Rad1 Ng4 15. Bxe7 Qxe7 16. Rd3 f5 17. Bxg4 hxg4 18. exf5 Bxf5 19. Rd2 0-0 20. Re1 Rbe8 21. Ne4 d5 22. Ng5 Qb4 23. c3 Qf4 24. Qe3 Qxe3 25. Rxe3 Re7 26. Kh2 g6 27. Kg3 Kg7 28. Rde2 Rfe8 29. Rd2 a5 30. a3 Rb7 31. b4 a4 32. Rde2 Kf6 33. Rd2 Rd7 34. f3 gxf3 35. Kxf3 Rde7 36. g4 Bd3 37. Kg3 e4 38. Nh3 Bc4 39. Rf2+ Kg7 40. g5 Rf7 41. Rxf7+ Kxf7 42. Nf4 Re5 43. Kg4 Ba6 44. Kg3 Kg7 45. Kf2 Rf5 46. Kg3 Kf7 47. Re1 Re5 1/2-1/2

[Event "La Palma Island op"]
[Site "Santa Cruz de La Palma"]
[Date "2023.08.08"]
[Round "5"]
[White "Pulvett Marin, Daniel Eduardo"]
[Black "Pierrot, Juan Facundo"]
[Result "1-0"]
[WhiteElo "2496"]
[BlackElo "2348"]
[PlyCount "62"]
[EventDate "2023.08.05"]
[EventType "swiss"]
[EventRounds "9"]
[EventCountry "ESP"]
[SourceTitle "CBM 215 Extra"]
[Source "ChessBase"]
[SourceDate "2023.09.30"]
[SourceVersion "1"]
[SourceVersionDate "2023.09.30"]
[SourceQuality "1"]

1. d4 Nf6 2. c4 g6 3. Nc3 d5 4. cxd5 Nxd5 5. e4 Nxc3 6. bxc3 Bg7 7. Bc4 c5 8. Ne2 0-0 9. 0-0 Nc6 10. Be3 b6 11. Qd2 Bb7 12. Rac1 Rc8 13. Bb5 cxd4 14. cxd4 a6 15. Bxc6 Bxc6 16. d5 Bb5 17. Rxc8 Qxc8 18. Rc1 Qb7 19. Nd4 Bd7 20. Nc6 Re8 21. Qb4 Bf8 22. h3 b5 23. Qc3 Bg7 24. Qc5 Bf8 25. Na5 Qa8 26. Qc7 Bc8 27. Nc6 Bb7 28. Na5 Bc8 29. Rc6 e5 30. d6 Be6 31. d7 Qd8 1-0

[Event "Monteolivete op 3rd"]
[Site "Alboraia"]
[Date "2023.07.23"]
[Round "9"]
[White "Pulvett Marin, Daniel Eduardo"]
[Black "Pacan Milej, Kosma"]
[Result "0-1"]
[WhiteElo "2503"]
[BlackElo "2402"]
[PlyCount "108"]
[EventDate "2023.07.17"]
[EventType "swiss"]
[EventRounds "9"]
[EventCountry "ESP"]
[SourceTitle "CBM 215 Extra"]
[Source "ChessBase"]
[SourceDate "2023.09.30"]
[SourceVersion "1"]
[SourceVersionDate "2023.09.30"]
[SourceQuality "1"]

1. d4 Nf6 2. Nf3 g6 3. c4 Bg7 4. Nc3 0-0 5. e4 d6 6. Be2 e5 7. 0-0 Bg4 8. d5 a5 9. Ne1 Bd7 10. Nd3 Na6 11. a3 a4 12. f3 Qe8 13. Be3 Nh5 14. Nb5 Nf4 15. Nxf4 exf4 16. Bxf4 f5 17. exf5 Rxf5 18. Bg3 Bxb2 19. Ra2 Bg7 20. Bd3 Rf7 21. Re1 Qd8 22. Rae2 Nc5 23. Qc2 Bxb5 24. cxb5 Qf6 25. Bc4 b6 26. Bf2 Qf4 27. Bxc5 bxc5 28. Re4 Qg5 29. Kh1 Rf4 30. Qe2 Bc3 31. Rf1 Raf8 32. g3 Rxe4 33. Qxe4 Qe5 34. Qxe5 Bxe5 35. f4 Bd4 36. Re1 Kf7 37. Re6 Rb8 38. Kg2 Bb2 39. Re2 Bc3 40. Kf3 Re8 41. Re6 Bb2 42. b6 cxb6 43. Rxd6 b5 44. Bxb5 Rb8 45. Rd7+ Kf8 46. Bc4 Bxa3 47. d6 Ke8 48. Rxh7 Rb6 49. d7+ Kd8 50. Ke4 Bb4 51. Kd5 a3 52. Rf7 Kc7 53. Ke5 Ra6 54. Rf8 Rd6 0-1

[Event "Monteolivete op 3rd"]
[Site "Alboraia"]
[Date "2023.07.18"]
[Round "3"]
[White "Pulvett Marin, Daniel Eduardo"]
[Black "Roselli Mailhe, Bernardo"]
[Result "1/2-1/2"]
[WhiteElo "2503"]
[BlackElo "2347"]
[PlyCount "224"]
[EventDate "2023.07.17"]
[EventType "swiss"]
[EventRounds "9"]
[EventCountry "ESP"]
[SourceTitle "CBM 215 Extra"]
[Source "ChessBase"]
[SourceDate "2023.09.30"]
[SourceVersion "1"]
[SourceVersionDate "2023.09.30"]
[SourceQuality "1"]

1. d4 Nf6 2. c4 e6 3. Nf3 Bb4+ 4. Nbd2 0-0 5. a3 Be7 6. e4 d6 7. Be2 Nbd7 8. b4 e5 9. d5 a5 10. Bb2 c6 11. 0-0 cxd5 12. cxd5 Nb6 13. Bc3 a4 14. Rc1 Bd7 15. Bd3 g6 16. Ne1 Nh5 17. g3 Qe8 18. Ng2 f5 19. f4 exf4 20. gxf4 Qf7 21. Bd4 Bd8 22. Kh1 Nf6 23. Ne3 fxe4 24. Nxe4 Nfxd5 25. Nxd5 Qxd5 26. Bxb6 Bb5 27. Bd4 Qxd4 28. Bc4+ Qxc4 29. Rxc4 Bxc4 30. Nxd6 Bb3 31. Qd2 Bf6 32. Rf3 b6 33. Rxb3 axb3 34. Qd5+ Kh8 35. Qxb3 Be7 36. Qc3+ Bf6 37. Qd3 Rad8 38. Qd5 Rd7 39. Qc6 Rfd8 40. Ne4 Bd4 41. Kg2 h6 42. Kf3 Kh7 43. Qe6 Ra7 44. a4 Rdd7 45. h4 Re7 46. Qc4 Rad7 47. a5 bxa5 48. bxa5 Bg7 49. h5 gxh5 50. a6 Rd4 51. Qc2 Kh8 52. Qc8+ Kh7 53. Qf5+ Kg8 54. Qc8+ Kh7 55. Qc2 Kh8 56. Ng3 Rdd7 57. Qc8+ Kh7 58. Qc2+ Kh8 59. Nxh5 Rd6 60. Qc5 Rdd7 61. Kg4 Ra7 62. Kf5 Kh7 63. Qb6 Rf7+ 64. Kg4 Rad7 65. Qb1+ Kg8 66. Qg6 Rc7 67. Ng3 Rf6 68. Qe8+ Bf8 69. Qb5 Rg6+ 70. Kh4 Ra7 71. Qd5+ Kh7 72. Nh5 Rgxa6 73. Qd3+ Kh8 74. Qd4+ Kg8 75. Qc4+ Kh8 76. Qc8 Kg8 77. Qg4+ Kh8 78. Qf5 Kg8 79. Qd5+ Kh8 80. Kg4 Rg6+ 81. Kf5 Raa6 82. Qf7 Ba3 83. Qe8+ Kh7 84. Qd7+ Kh8 85. Qc8+ Kh7 86. Qc7+ Kg8 87. Qb8+ Bf8 88. Qb3+ Kh8 89. Qd5 Rac6 90. Qf7 Bc5 91. Qe8+ Kh7 92. Qf7+ Kh8 93. Qe8+ Kh7 94. Qd7+ Kg8 95. Qd5+ Kh8 96. Ke4 Rce6+ 97. Kf5 Bf8 98. Qxe6 Rxe6 99. Kxe6 Ba3 100. Kf7 Bb2 101. f5 Bc3 102. Nf6 Bb2 103. Kg6 h5 104. Nxh5 Kg8 105. Nf6+ Kf8 106. Nd5 Ba1 107. Kg5 Kf7 108. Kf4 Bb2 109. Ke4 Ba1 110. Ne3 Bb2 111. Ng4 Ba1 112. Kd5 Bb2 1/2-1/2

[Event "Monteolivete op 3rd"]
[Site "Alboraia"]
[Date "2023.07.17"]
[Round "1"]
[White "Pulvett Marin, Daniel Eduardo"]
[Black "Masague Artero, Guerau"]
[Result "1-0"]
[WhiteElo "2503"]
[BlackElo "2302"]
[PlyCount "87"]
[EventDate "2023.07.17"]
[EventType "swiss"]
[EventRounds "9"]
[EventCountry "ESP"]
[SourceTitle "CBM 215 Extra"]
[Source "ChessBase"]
[SourceDate "2023.09.30"]
[SourceVersion "1"]
[SourceVersionDate "2023.09.30"]
[SourceQuality "1"]

1. d4 Nf6 2. Nc3 d5 3. Bf4 c5 4. e3 a6 5. dxc5 e6 6. Bd3 Bxc5 7. Nf3 Nc6 8. 0-0 Bd6 9. Bg5 h6 10. Bh4 g5 11. Bg3 Bxg3 12. hxg3 e5 13. e4 d4 14. Ne2 Bg4 15. Qd2 Qe7 16. Rab1 Kf8 17. Nh2 Be6 18. f4 Ng4 19. f5 Nxh2 20. Kxh2 Bd7 21. b4 Qf6 22. b5 axb5 23. Rxb5 g4 24. Rxb7 Be8 25. Bc4 h5 26. Kg1 h4 27. Bd5 Kg7 28. Rb6 Ra3 29. Bb3 Rh5 30. Kf2 Qd8 31. Rb5 Ra5 32. Rxa5 Nxa5 33. gxh4 Rxh4 34. Ng3 Bb5 35. Rb1 Bc6 36. Kg1 f6 37. Be6 Nb7 38. Qb4 Rh7 39. Qb6 Qe8 40. Bd5 Nd8 41. Qc7+ Kh6 42. Qd6 Kg5 43. Qb4 Rb7 44. Qd2+ 1-0

[Event "Titled Tuesday intern op 04th Jul Late"]
[Site "Chess.com INT"]
[Date "2023.07.04"]
[Round "10"]
[White "Indjic, Aleksandar"]
[Black "Pulvett Marin, Daniel Eduardo"]
[Result "1-0"]
[WhiteElo "2619"]
[BlackElo "2503"]
[PlyCount "75"]
[EventDate "2023.07.04"]
[EventType "swiss (blitz)"]
[EventRounds "11"]
[EventCountry "USA"]
[SourceTitle "EXT 2024"]
[Source "ChessBase"]
[SourceDate "2023.10.10"]
[SourceVersion "1"]
[SourceVersionDate "2023.10.10"]
[SourceQuality "1"]

1. d4 Nf6 2. c4 g6 3. h4 Bg7 4. Nc3 d6 5. e4 c5 6. d5 h5 7. Nf3 0-0 8. Ng5 Na6 9. Be2 Nc7 10. Bf4 e6 11. dxe6 Nxe6 12. Nxe6 Bxe6 13. Bxd6 Re8 14. Bxc5 Qa5 15. b4 Qc7 16. Nb5 Qe5 17. 0-0 Rad8 18. Qc2 Nxe4 19. Be3 a6 20. Na3 Bf5 21. Bd3 Nxf2 22. Qxf2 Rxd3 23. Bf4 Qc3 24. Nc2 Qxc4 25. Rac1 Bb2 26. Ne3 Qd4 27. Rc2 Bc3 28. Nxf5 gxf5 29. Qxd4 Bxd4+ 30. Kh2 Re4 31. Bg3 Rg4 32. Rf3 Rd1 33. Rc8+ Kg7 34. Rxf5 Bg1+ 35. Kh3 Bd4 36. Rxh5 Rg6 37. Rg5 Rd3 38. Rd8 1-0

[Event "Titled Tuesday intern op 04th Jul Late"]
[Site "Chess.com INT"]
[Date "2023.07.04"]
[Round "3"]
[White "Lazavik, Denis"]
[Black "Pulvett Marin, Daniel Eduardo"]
[Result "1-0"]
[WhiteElo "2553"]
[BlackElo "2503"]
[PlyCount "73"]
[EventDate "2023.07.04"]
[EventType "swiss (blitz)"]
[EventRounds "11"]
[EventCountry "USA"]
[SourceTitle "EXT 2024"]
[Source "ChessBase"]
[SourceDate "2023.10.10"]
[SourceVersion "1"]
[SourceVersionDate "2023.10.10"]
[SourceQuality "1"]

1. d4 Nf6 2. c4 c5 3. d5 d6 4. Nc3 g6 5. e4 Bg7 6. Bd3 0-0 7. h3 e6 8. Nf3 Nbd7 9. 0-0 e5 10. a4 h6 11. Ra3 Nh7 12. Bb1 Ndf6 13. Ne2 Kh8 14. Ng3 Ng8 15. Nh2 h5 16. Kh1 h4 17. Ne2 f5 18. f4 Qe7 19. Raf3 fxe4 20. Bxe4 Bf5 21. Bxf5 Rxf5 22. fxe5 Rxe5 23. Nf4 Qe8 24. Ne6 Rxe6 25. dxe6 Qxe6 26. b3 Re8 27. Ng4 Ngf6 28. Nf2 Nd7 29. Re3 Ne5 30. Ng4 Qd7 31. Nxe5 Rxe5 32. Rxe5 Bxe5 33. Bf4 Kg7 34. Bxe5+ dxe5 35. Qxd7+ Kg8 36. Qf7+ Kh8 37. Rd1 1-0

[Event "Titled Tuesday intern op 04th Jul Late"]
[Site "Chess.com INT"]
[Date "2023.07.04"]
[Round "9"]
[White "Pulvett Marin, Daniel Eduardo"]
[Black "Oparin, Grigoriy"]
[Result "1/2-1/2"]
[WhiteElo "2503"]
[BlackElo "2681"]
[PlyCount "122"]
[EventDate "2023.07.04"]
[EventType "swiss (blitz)"]
[EventRounds "11"]
[EventCountry "USA"]
[SourceTitle "EXT 2024"]
[Source "ChessBase"]
[SourceDate "2023.10.10"]
[SourceVersion "1"]
[SourceVersionDate "2023.10.10"]
[SourceQuality "1"]

1. d4 Nf6 2. Nc3 d5 3. Bf4 e6 4. e3 Bb4 5. Bd3 c5 6. dxc5 Nbd7 7. Nge2 e5 8. Bg3 a6 9. Bf5 0-0 10. Bxd7 Nxd7 11. Qxd5 Nxc5 12. Qxd8 Rxd8 13. Bxe5 Bf5 14. Rc1 Bxc2 15. Rxc2 Nd3+ 16. Kf1 Nxe5 17. Nd4 Rac8 18. Ke2 Nc4 19. Rhc1 Nxb2 20. Rxb2 Rxc3 21. Rxc3 Bxc3 22. Rxb7 g6 23. Kd3 Be1 24. f4 Rd6 25. g4 Ba5 26. g5 Kf8 27. h4 Bb6 28. Ke4 Ke8 29. a4 Bc5 30. Nf3 Rd7 31. Rxd7 Kxd7 32. Ne5+ Ke6 33. Ng4 Bb4 34. Nf6 h5 35. Nd5 Be1 36. Nc7+ Kd6 37. Nxa6 Bxh4 38. Nb4 Be1 39. Nd3 Bc3 40. Kf3 Kd5 41. e4+ Kc4 42. Ke2 Kd4 43. Nf2 Ba5 44. Kf3 Be1 45. Nh3 Bd2 46. f5 gxf5 47. exf5 Ke5 48. g6 fxg6 49. fxg6 Kf6 50. Nf4 h4 51. Kg4 h3 52. Nxh3 Kxg6 53. Nf4+ Kf6 54. Nd3 Ke6 55. Kf3 Kd5 56. Ke2 Ba5 57. Kd1 Kc4 58. Kc2 Kd4 59. Nc1 Kc4 60. Nb3 Kb4 61. Nxa5 Kxa4 1/2-1/2

[Event "Madrid-chT Honor 2223"]
[Site "Madrid"]
[Date "2022.12.18"]
[Round "4.2"]
[White "Lang, Zalan Andreas"]
[Black "Pulvett Marin, Daniel Eduardo"]
[Result "0-1"]
[WhiteElo "2218"]
[BlackElo "2506"]
[PlyCount "88"]
[EventDate "2022.11.20"]
[EventType "team-tourn"]
[EventRounds "14"]
[EventCountry "ESP"]
[SourceTitle "EXT 2024"]
[Source "ChessBase"]
[SourceDate "2023.10.10"]
[SourceVersion "1"]
[SourceVersionDate "2023.10.10"]
[SourceQuality "1"]
[WhiteTeam "Blanco y Negro"]
[BlackTeam "Collado Villalba"]
[WhiteTeamCountry "ESP"]
[BlackTeamCountry "ESP"]

1. d4 Nf6 2. Bg5 c5 3. Nc3 d5 4. Bxf6 exf6 5. e3 Be6 6. dxc5 Bxc5 7. Bb5+ Nc6 8. Nge2 0-0 9. 0-0 a6 10. Ba4 Ne5 11. Nd4 Nc4 12. Rb1 Rc8 13. Bb3 Ba7 14. Bxc4 Rxc4 15. Nce2 f5 16. c3 Qf6 17. Nf4 g5 18. Nh5 Qg6 19. f4 g4 20. Ng3 Bd7 21. Qd3 Re8 22. Rfe1 h5 23. Rbd1 h4 24. Ngxf5 Qf6 25. e4 Bxf5 26. exf5 Bxd4+ 27. cxd4 Rxe1+ 28. Rxe1 Qxd4+ 29. Qxd4 Rxd4 30. f6 Rxf4 31. Re8+ Kh7 32. Re7 Kg6 33. Rxb7 Kxf6 34. Rb6+ Ke5 35. Rxa6 d4 36. Ra8 d3 37. Rd8 Rd4 38. Rxd4 Kxd4 39. Kf2 g3+ 40. hxg3 hxg3+ 41. Ke1 f5 42. a4 f4 43. a5 f3 44. gxf3 Ke3 0-1

[Event "Madrid-chT Honor 2223"]
[Site "Madrid"]
[Date "2022.11.20"]
[Round "1.2"]
[White "Pulvett Marin, Daniel Eduardo"]
[Black "Neagu, Roberto Florin"]
[Result "1-0"]
[WhiteElo "2504"]
[BlackElo "2236"]
[PlyCount "79"]
[EventDate "2022.11.20"]
[EventType "team-tourn"]
[EventRounds "14"]
[EventCountry "ESP"]
[SourceTitle "EXT 2024"]
[Source "ChessBase"]
[SourceDate "2023.10.10"]
[SourceVersion "1"]
[SourceVersionDate "2023.10.10"]
[SourceQuality "1"]
[WhiteTeam "Collado Villalba"]
[BlackTeam "Alcorcon Diagonal"]
[WhiteTeamCountry "ESP"]
[BlackTeamCountry "ESP"]

1. d4 Nf6 2. Nf3 e6 3. c4 c5 4. d5 exd5 5. cxd5 d6 6. Nc3 g6 7. h3 Bg7 8. e4 0-0 9. Bd3 b5 10. Nxb5 Nxe4 11. 0-0 a6 12. Na3 Nf6 13. Nc4 Bb7 14. Bf4 Nxd5 15. Bxd6 Re8 16. Bxc5 Nd7 17. Ba3 N5b6 18. Nd6 Bxf3 19. Qxf3 Ne5 20. Qe2 Re6 21. Be4 Ned7 22. Qc2 Rb8 23. Rad1 Bf8 24. Rd4 Bg7 25. Rd2 Qh4 26. Bd5 Nxd5 27. Rxd5 Nf6 28. Rd3 Ne8 29. Nc4 Rd8 30. Rxd8 Qxd8 31. Rd1 Qb8 32. Qd3 h5 33. b3 Qf4 34. Bc1 Qh4 35. Be3 Nf6 36. Qd8+ Re8 37. Qc7 Bf8 38. Nd6 Re7 39. Qc8 Rd7 40. Bh6 1-0

[Event "San Cristobal de La Laguna op 4th"]
[Site "San Cristobal de La Laguna"]
[Date "2022.09.01"]
[Round "7"]
[White "Ambartsumova, Karina"]
[Black "Pulvett Marin, Daniel Eduardo"]
[Result "1/2-1/2"]
[WhiteElo "2386"]
[BlackElo "2522"]
[PlyCount "62"]
[EventDate "2022.08.27"]
[EventType "swiss"]
[EventRounds "9"]
[EventCountry "ESP"]
[SourceTitle "CBM 210 Extra"]
[Source "ChessBase"]
[SourceDate "2022.11.30"]
[SourceVersion "1"]
[SourceVersionDate "2022.11.30"]
[SourceQuality "1"]

1. c4 Nf6 2. Nc3 g6 3. g3 c6 4. d4 d5 5. cxd5 cxd5 6. Bg2 Bg7 7. Nf3 0-0 8. 0-0 Ne4 9. Ne5 Bf5 10. Qb3 Nc6 11. Qxd5 Nxc3 12. bxc3 Qxd5 13. Bxd5 Nxe5 14. dxe5 Bxe5 15. Bh6 Rfd8 16. Bxb7 Rab8 17. Rad1 Bxc3 18. Rxd8+ Rxd8 19. Kg2 Be6 20. Rc1 Bg7 21. Bxg7 Kxg7 22. a3 Rd2 23. Ba6 Ra2 24. Rc3 Bd5+ 25. f3 f5 26. Bd3 Bg8 27. h4 a5 28. Bb5 Bd5 29. a4 Kf6 30. Rc7 Bb3 31. Ra7 Ke5 1/2-1/2

[Event "Mirandela op 3rd"]
[Site "Mirandela"]
[Date "2022.08.18"]
[Round "3"]
[White "Pulvett Marin, Daniel Eduardo"]
[Black "Alfonso Ruisanchez, Laritza"]
[Result "1-0"]
[WhiteElo "2522"]
[BlackElo "2085"]
[PlyCount "57"]
[EventDate "2022.08.17"]
[EventType "swiss"]
[EventRounds "9"]
[EventCountry "POR"]
[SourceTitle "CBM 209 Extra"]
[Source "ChessBase"]
[SourceDate "2022.09.30"]
[SourceVersion "1"]
[SourceVersionDate "2022.09.30"]
[SourceQuality "1"]

1. d4 Nf6 2. Nf3 e6 3. c4 b6 4. g3 Bb7 5. Bg2 Be7 6. 0-0 0-0 7. Re1 d5 8. cxd5 exd5 9. Ne5 Nbd7 10. Nc3 Ne4 11. Nxe4 dxe4 12. Qc2 Nxe5 13. dxe5 Qd5 14. Rd1 Qxe5 15. Bf4 Qe6 16. Qxc7 Ba6 17. Qd7 Qxd7 18. Rxd7 Bf6 19. Bxe4 Rad8 20. Rxa7 Bxe2 21. Bd5 Bg4 22. Re1 b5 23. Bb3 Rde8 24. Be5 Be7 25. f4 Bd8 26. Rc1 Bf3 27. Rb7 Be2 28. Rxb5 Bc4 29. Bxc4 1-0

[Event "La Palma Island op"]
[Site "Santa Cruz de La Palma"]
[Date "2022.08.12"]
[Round "9"]
[White "Pulvett Marin, Daniel Eduardo"]
[Black "Martinez Reyes, Pedro Ramon"]
[Result "1-0"]
[WhiteElo "2522"]
[BlackElo "2408"]
[PlyCount "83"]
[EventDate "2022.08.06"]
[EventType "swiss"]
[EventRounds "9"]
[EventCountry "ESP"]
[SourceTitle "CBM 209 Extra"]
[Source "ChessBase"]
[SourceDate "2022.09.30"]
[SourceVersion "1"]
[SourceVersionDate "2022.09.30"]
[SourceQuality "1"]

1. e4 c5 2. Nf3 d6 3. d4 Nf6 4. Nc3 cxd4 5. Nxd4 a6 6. Bc4 e6 7. Bb3 Be7 8. g4 h6 9. Be3 Nc6 10. Rg1 g5 11. Qe2 Bd7 12. 0-0-0 Qa5 13. Nxc6 Bxc6 14. Bd4 Rg8 15. Rg3 Kf8 16. Kb1 Rg6 17. Qe3 Nd7 18. Ne2 Bf6 19. f4 e5 20. fxe5 Bxe5 21. Rf3 Rf6 22. Rdf1 Rxf3 23. Qxf3 f6 24. Qf5 Ke7 25. Qe6+ Kd8 26. Qg8+ Kc7 27. Qxa8 Qd2 28. Bxe5 Qxe2 29. Bxd6+ Kxd6 30. Rc1 Kc7 31. Bd5 Qxg4 32. Bxc6 Kxc6 33. Qe8 h5 34. a4 h4 35. Re1 Kc7 36. Qe7 h3 37. Ka2 Qf3 38. Rg1 Qg2 39. Rd1 Qg4 40. Rd3 a5 41. Rc3+ Kb6 42. Rg3 1-0

[Event "Pontevedra op-A 10th"]
[Site "Pontevedra"]
[Date "2022.07.27"]
[Round "6"]
[White "Shyam, Nikil P"]
[Black "Pulvett Marin, Daniel Eduardo"]
[Result "1/2-1/2"]
[WhiteElo "2443"]
[BlackElo "2523"]
[PlyCount "52"]
[EventDate "2022.07.24"]
[EventType "swiss"]
[EventRounds "9"]
[EventCountry "ESP"]
[SourceTitle "CBM 209 Extra"]
[Source "ChessBase"]
[SourceDate "2022.09.30"]
[SourceVersion "1"]
[SourceVersionDate "2022.09.30"]
[SourceQuality "1"]

1. Nf3 d5 2. g3 Nd7 3. d4 Nb6 4. Nbd2 Bf5 5. Nh4 e6 6. Bg2 Be7 7. Nxf5 exf5 8. c4 c6 9. c5 Nd7 10. Qc2 g6 11. b4 Ngf6 12. Nb3 0-0 13. a4 a6 14. 0-0 Re8 15. Bb2 h5 16. b5 h4 17. bxc6 bxc6 18. Bc3 hxg3 19. hxg3 Kg7 20. Bf3 Ne4 21. e3 Bg5 22. Kg2 Ndf6 23. Nd2 Qc7 24. Rae1 Re6 25. Rh1 Nxd2 26. Bxd2 Ne4 1/2-1/2

[Event "Valencia Cuna op 3rd"]
[Site "Valencia"]
[Date "2022.07.16"]
[Round "8"]
[White "Christiansen, Johan Sebastian"]
[Black "Pulvett Marin, Daniel Eduardo"]
[Result "1-0"]
[WhiteElo "2593"]
[BlackElo "2523"]
[PlyCount "73"]
[EventDate "2022.07.11"]
[EventType "swiss"]
[EventRounds "9"]
[EventCountry "ESP"]
[SourceTitle "CBM 209 Extra"]
[Source "ChessBase"]
[SourceDate "2022.09.30"]
[SourceVersion "1"]
[SourceVersionDate "2022.09.30"]
[SourceQuality "1"]

1. e4 c5 2. Nf3 e6 3. g3 Nc6 4. d4 cxd4 5. Nxd4 Qc7 6. Nb5 Qb8 7. Bf4 e5 8. Be3 Nf6 9. Bg2 d6 10. 0-0 Be7 11. Bg5 0-0 12. Bxf6 Bxf6 13. Qxd6 Qxd6 14. Nxd6 Nd4 15. Na3 Be6 16. c3 Ne2+ 17. Kh1 Rad8 18. Ndc4 b5 19. Ne3 Rd2 20. Nxb5 Rxb2 21. Rfb1 Rd2 22. a4 Bg5 23. Nd5 Bxd5 24. exd5 a6 25. Nc7 Nxc3 26. Rc1 Rd3 27. Rc2 e4 28. Bf1 Bf6 29. Bxd3 exd3 30. Rd2 Nxd5 31. Rc1 Rc8 32. Rxd3 Rxc7 33. Rcd1 Kf8 34. Rxd5 Rc4 35. a5 Ra4 36. Rc1 Ra3 37. Rc6 1-0

[Event "Valencia Cuna op 3rd"]
[Site "Valencia"]
[Date "2022.07.12"]
[Round "2"]
[White "Chernikov, Vladimir"]
[Black "Pulvett Marin, Daniel Eduardo"]
[Result "0-1"]
[WhiteElo "2258"]
[BlackElo "2523"]
[PlyCount "109"]
[EventDate "2022.07.11"]
[EventType "swiss"]
[EventRounds "9"]
[EventCountry "ESP"]
[SourceTitle "CBM 209 Extra"]
[Source "ChessBase"]
[SourceDate "2022.09.30"]
[SourceVersion "1"]
[SourceVersionDate "2022.09.30"]
[SourceQuality "1"]

1. b3 d5 2. Bb2 Nf6 3. Nf3 Bg4 4. e3 e6 5. d3 c5 6. Nbd2 Nc6 7. h3 Bh5 8. g4 Bg6 9. g5 Nd7 10. Rg1 Qa5 11. Nh4 0-0-0 12. a3 Nb6 13. Nxg6 hxg6 14. Qf3 c4 15. b4 Qa4 16. Rc1 c3 17. Bxc3 Qxa3 18. Nb3 Bxb4 19. Bxb4 Qxb4+ 20. Kd1 Rd7 21. Be2 Na4 22. Ra1 Nc3+ 23. Ke1 a5 24. Rg4 d4 25. exd4 Nxd4 26. Rxd4 Rxd4 27. Rxa5 Rf4 28. Qg2 Ne4+ 29. Kf1 Rxf2+ 30. Qxf2 Nxf2 31. Ra8+ Kc7 32. Rxh8 Nh1 33. Kg2 Qe1 34. Bg4 Kd6 35. Rd8+ Ke7 36. Ra8 Nf2 37. Bf3 Nd1 38. Bxd1 Qxd1 39. Rc8 Qe2+ 40. Kh1 Qf1+ 41. Kh2 Qf4+ 42. Kh1 Qxg5 43. Rc7+ Kf6 44. Nc5 Qc1+ 45. Kg2 g5 46. Nd7+ Ke7 47. Nb6+ Kd6 48. Rc8 f5 49. Nc4+ Ke7 50. Rc7+ Kf6 51. Nd6 Qd2+ 52. Kh1 Qe1+ 53. Kg2 Qe2+ 54. Kg1 Ke5 55. Nc4+ 0-1